000 00355nam a2200157Ia 4500
003 Ost
005 20260225132552.0
008 260225s9999||||xx |||||||||||||| ||und||
040 _cfsic
041 _afre
082 _a440
100 _aHenri Behar
_eAuteur
245 0 _aVitrac,theatre ouvert sur le reve /
245 0 _cHenri Behar
942 _cكتاب
999 _c34240
_d34240